000 00826nam a2200253 i 4500
001 5544
003 ES-MaACL
005 20230906144621.0
007 t|
008 881111s1987 sp ||||1|bspa d
020 _a84-7600-172-X
080 _a791.862 Manzanares, J.M.
080 _a92 Manzanares, J.M.
100 1 _aArévalo, José Carlos.
_922655
245 1 3 _aLa Tauromaquia de José María Manzanares /
_cJosé Carlos Arévalo, José Antonio del Moral.
260 _aTorrejón de Ardoz, Madrid :
_bAkal,
_c1987.
300 _a153 p., 1 h. ;
_c18 cm.
490 1 _aLas Tauromaquias ;
_v1
600 1 4 _aManzanares, José María.
_976199
700 0 _aMoral, José Antonio del.
_982936
830 0 _aLas Tauromaquias ;
_v1
_9227702
852 _aES-MaACL
_jL-12230
_bR.114665
_z. - Plast.
999 _c5544
_d5544